RESTORATIVE CIRCLES IN SCHOOLS (Record no. 25554)

MARC details
000 -LEADER
fixed length control field 00633nam a22002057a 4500
003 - CONTROL NUMBER IDENTIFIER
control field OSt
005 - DATE AND TIME OF LATEST TRANSACTION
control field 20260630094606.0
008 - FIXED-LENGTH DATA ELEMENTS--GENERAL INFORMATION
fixed length control field 260630b |||||||| |||| 00| 0 eng d
020 ## - INTERNATIONAL STANDARD BOOK NUMBER
International Standard Book Number 139781934355442
040 ## - CATALOGING SOURCE
Transcribing agency CHUKA UNIVERSITY LIBRARY
050 ## - LIBRARY OF CONGRESS CALL NUMBER
Classification number LB 3013.3 .C67 2019
100 ## - MAIN ENTRY--PERSONAL NAME
Personal name COSTELLO BOB,WACHTEL,WACHTEL TED
9 (RLIN) 31910
245 ## - TITLE STATEMENT
Title RESTORATIVE CIRCLES IN SCHOOLS
Remainder of title A practical Guide for educators
250 ## - EDITION STATEMENT
Edition statement 2ED.
260 ## - PUBLICATION, DISTRIBUTION, ETC.
Place of publication, distribution, etc. USA
Name of publisher, distributor, etc. BBINTERNATIONAL INSTITUTE FOR RESSTORATIVE PRACTICES
Date of publication, distribution, etc. 2019
300 ## - PHYSICAL DESCRIPTION
Extent 132P
650 ## - SUBJECT ADDED ENTRY--TOPICAL TERM
Topical term or geographic name entry element SCHOOL DISCIPLINE
9 (RLIN) 17195
650 ## - SUBJECT ADDED ENTRY--TOPICAL TERM
Topical term or geographic name entry element CLASSROOM MANAGEMENT
9 (RLIN) 11400
942 ## - ADDED ENTRY ELEMENTS (KOHA)
Source of classification or shelving scheme Library of Congress Classification
Koha item type Long Loan Books
Suppress in OPAC No
Holdings
Withdrawn status Lost status Source of classification or shelving scheme Damaged status Not for loan Collection Home library Current library Shelving location Date acquired Cost, normal purchase price Total Checkouts Full call number Barcode Date last seen Price effective from Koha item type
    Library of Congress Classification     General Collection Books Main Campus Library Main Campus Library General Stacks 30/06/2026 4724.00   LB 3013.3 .C67 2019 36397/2026 30/06/2026 30/06/2026 Long Loan Books

Powered by Koha